000 00773cam a2200253 4500500
005 20260329010130.0
041 _afre
042 _adc
100 1 0 _aLarmagnac-Matheron, Octave
_eauthor
245 0 0 _aDans la bibliothèque philosophique de Tolkien
260 _c2022.
500 _a25
690 _aAnneau
690 _aBibliothèque
690 _aEsthétique
690 _aIdéalisme
690 _aModernité
690 _aMythe
690 _aMythes
690 _aSeigneur des Anneaux
690 _aTolkien
786 0 _nPhilosophie magazine - Hors séries | Hors série - Été-Autome 2022 | HS54 | 2022-07-01 | p. 8-8 | 2104-9246
856 4 1 _uhttps://shs.cairn.info/magazine-philosophie-magazine-2022-hs54-page-8?lang=fr&redirect-ssocas=7080
999 _c1849730
_d1849730